Prosperity and parenthood : (Record no. 35001)
[ view plain ]
| 000 -LEADER | |
|---|---|
| fixed length control field | 00939cam a2200253 i 4500 |
| 001 - CONTROL NUMBER | |
| control field | 35001 |
| 003 - CONTROL NUMBER IDENTIFIER | |
| rucl marc code | BD-RjUL |
| 005 - DATE AND TIME OF LATEST TRANSACTION | |
| control field | 20211209052238.0 |
| 008 - FIXED-LENGTH DATA ELEMENTS--GENERAL INFORMATION | |
| fixed length control field | 140520r19651954enk 00100 eng d |
| 035 ## - SYSTEM CONTROL NUMBER | |
| System control number | (BD-RjUL)35095 |
| 040 ## - CATALOGING SOURCE | |
| Original cataloging agency | BD-RjUL |
| Language of cataloging | eng |
| Transcribing agency | BD-RjUL |
| Modifying agency | BD-RjUL |
| 041 ## - LANGUAGE CODE | |
| Language code of text/sound track or separate title | eng |
| 082 04 - DEWEY DECIMAL CLASSIFICATION NUMBER | |
| Classification number | 363.960942 |
| Author mark and year | BAP 1965 |
| 100 1# - MAIN ENTRY--PERSONAL NAME | |
| Personal name | Banks, J. A. |
| Fuller form of name | (Joseph Ambrose), |
| Dates associated with a name | 1920-2005. |
| 9 (RLIN) | 106583 |
| 245 10 - TITLE STATEMENT | |
| Title | Prosperity and parenthood : |
| Remainder of title | a study of family planning among the Victorian middle classes / |
| 260 ## - PUBLICATION, DISTRIBUTION, ETC. (IMPRINT) | |
| Place of publication, distribution, etc. | London : |
| Name of publisher, distributor, etc. | Routledge & Paul, |
| Date of publication, distribution, etc. | 1954 [Impression 1965]. |
| 300 ## - PHYSICAL DESCRIPTION | |
| Pagination | v, 240 p. ; |
| Size | 23 cm. |
| 490 1# - SERIES STATEMENT | |
| Series statement | International library of sociology and social reconstruction |
| 504 ## - BIBLIOGRAPHY, ETC. NOTE | |
| Bibliography, etc | Includes bibliography and index. |
| 650 #0 - SUBJECT ADDED ENTRY--TOPICAL TERM | |
| Topical term or geographic name as entry element | Birth control |
| Geographic subdivision | Great Britain. |
| 9 (RLIN) | 106584 |
| 651 #0 - SUBJECT ADDED ENTRY--GEOGRAPHIC NAME | |
| Geographic name | Great Britain |
| General subdivision | Social conditions. |
| 9 (RLIN) | 106585 |
| 830 #0 - SERIES ADDED ENTRY--UNIFORM TITLE | |
| Uniform title | International library of sociology and social reconstruction |
| 942 ## - ADDED ENTRY ELEMENTS (KOHA) | |
| Source of classification or shelving scheme | Dewey Decimal Classification |
| Koha item type | Books |
| Lost status | Source of classification or shelving scheme | Damaged status | Not for loan | Collection code | Permanent Location | Current Location | Shelving location | Date acquired | Source of acquisition | Cost, normal purchase price | Total Checkouts | Full call number | Date last seen | Copy number | Koha item type |
|---|---|---|---|---|---|---|---|---|---|---|---|---|---|---|---|
| Dewey Decimal Classification | Non-fiction | Central Library, University of Rajshahi | Central Library, University of Rajshahi | 05/02/1965 | Sweet & Zeitlinger | 28.00 | 363.960942 BAP 1965 | 20/05/2014 | C-2 | Books | |||||
| Dewey Decimal Classification | Not For Loan | Non-fiction | Central Library, University of Rajshahi | Central Library, University of Rajshahi | Reading Room | 05/02/1965 | Sweets & Zeitlinger | 28.00 | 363.960942 BAP 1965 | 20/05/2014 | C-1 | Books |